000 00511nam a2200181Ia 4500
005 20250423100907.0
008 250422s9999 xx 000 0 und d
020 _a9781403144102
050 _aBP 605.S2 .H83/
100 _aHubbard, Ron L.
245 0 _aSelf analysis: a simple self-help volume of tests and processes based on the discoveries contained in dianetics
260 _aCalifornia
260 _bBridge Publications
260 _c2007
300 _a375 p
650 _aDianetics.
942 _cBK
999 _c34662
_d34662